000 00709nam a2200265Ia 4500
005 20250425162146.0
008 250425s9999 xx 000 0 und d
020 _a9583316601
041 _aspa
082 _a614.852
100 _aARENA HORTUA, ALFONSO
245 0 _aEL ASEGURAMIENTO DE LA CALIDAD E INOCUIDAD DE LOS ALIMENTOS
250 _a1A ED.
260 _aBOGOTA
260 _aColombia
_bRETINA
_c2000
300 _a273
500 _aEN CIBGZ-FIMCP 50431 PARA ING. DE ALIMENTOS.- MHP.
650 _aCONSERVACION DE ALIMENTOS
650 _aFABRICAS
650 _aHACCP
650 _aRECURSOS HUMANOS-DESARROLLO
650 _aSEGURIDAD ALIMENTARIA
942 _c01
010 _a53690
999 _c223510
_d223510